000 00697nam a2200277Ia 4500
001 36829
005 20240114001909.0
007 ta
008 070512s1978 a g b000 u asm u
040 _aCotton College Assam
041 _aasm
082 _a799.2
_bC 35 K
100 _aCorbett, Jim .
245 0 _aKumayunar Narakhadak /
_cJim Corbett.
_hTextual Documents
250 _a1st ed. /
260 _aGuwahati :
_bDuttaBarua & Co ,
_c1978.
300 _a21p. :
_bill ;
_c22cm .
653 _aHunting
653 _aG-Technology
653 _aT/G-Sports
700 _aChaliha, H.P. .
942 _2ddc
_cBK
999 _c36811
_d36811